| 000 | 01723nam a22002777a 4500 | ||
|---|---|---|---|
| 001 | 746 | ||
| 005 | 20230705142010.0 | ||
| 008 | 230705b cb ||||| |||| 00| 0 eng d | ||
| 020 | _a1575421178 | ||
| 040 |
_aDLC _cDLC _dDLC _beng |
||
| 050 | 0 | 0 |
_aBF723.A4 _bV47 2003 |
| 082 | 0 | 0 |
_a152.4/7 _221 |
| 100 | 1 | _aVerdick, Elizabeth. | |
| 245 | 1 | 0 |
_aHow to take the grrrr out of anger / _cElizabeth Verdick & Marjorie Lisovskis. |
| 260 |
_aMinneapolis : _bFree Spirit, _c2003. |
||
| 300 |
_a119 pages : _billustrations ; _c18 cm. |
||
| 505 | 0 | _aR | |
| 520 | _aKids need help learning how to manage their anger. Blending solid information and sound advice with humor and lively illustrations, these anger-management tips guide kids to understand that anger is normal and to learn they can express it in healthy ways. The book teaches them how to recognize anger in themselves and others, how to handle situations and emotions (loneliness, guilt, frustration, fear) that lead to or mask anger, and how to deal with the anger they feel. This revised edition addresses children's exposure to increased societal violence and includes discussion and examples of anger related to texting and social media. Young readers learn that cruelty and violence are not acceptable and there are safer, more positive ways to resolve conflicts. They also discover what to do when people around them are angry, how to get help, and how to locate other resources when they need more support | ||
| 521 |
_a730
_bLexile |
||
| 521 |
_aR
_bRaz-Plus |
||
| 650 | 0 |
_aAnger in children _vJuvenile literature. |
|
| 650 | 1 | _aAnger. | |
| 700 | 1 | _aLisovskis, Marjorie. | |
| 906 |
_a7 _bcbc _corignew _d1 _eecip _f20 _gy-gencatlg |
||
| 942 |
_2ddc _cBK _n0 |
||
| 999 |
_c746 _d746 |
||